| 000 | 00555nam a22001577a 4500 | ||
|---|---|---|---|
| 999 |
_c534532 _d534532 |
||
| 020 | _qHard Cover. | ||
| 082 | _a620.44 | ||
| 100 | _aWasim Ullah | ||
| 245 |
_asynthesis, Characterization and study of photocatalytic Activity of Cadmium Magnesium Nano Ferrites / _cWasim Ullah. |
||
| 260 |
_aIslamabad: _bSCME - NUST, _c2014. |
||
| 300 |
_a43 p. : _bill. ; _c30cm. |
||
| 942 |
_2ddc _cTHE |
||
| 650 |
_aMaterial and Surface Engineering MS-Thesis. _916443 |
||
| 700 |
_aDr. Iftikhar Hussain Gul _916197 |
||